Rocket league pros - Statistics

General Stats
  • This quiz has been taken 699 times
  • The average score is 6 of 9
Answer Stats
Answer % Correct
Cloud 9 MVP Squishy
92%
Has a move named after him. Pinches the ball from the wall to the goal. Kuxir97
89%
Season 1 world champion Kronovi
81%
G2 member that loves memes Rizzo
74%
G2's greatest member Jknaps
69%
The leader of the Pulse clan MK.
52%
Best 1v1 players. Has won both 12 Titans tournaments Scrub Killa
52%
Amazing freestyler JHZER
42%
A former member of FlipSid3 Tacticts. MarkyDooda
40%
No matching quizzes found
Score Distribution
Percent of People with Each Score
Percentile by Number Answered
Your Score History
You have not taken this quiz